000 00339nam a2200133Ia 4500
008 191206s9999 xx 000 0 und d
020 _a908311737
090 _aMLCS94/148519(P)
245 0 _aGuerrilla snuff
260 _aBaobab Books
260 _ccc1995
300 _a"xiv, 210 p. : ill., maps ; 21 cm."
999 _c16097
_d16097